MDQL
is popping MORE tags! Check the
thread
!
Quizzes
Events
Quiz Creation
Community
Videos
Private Events
Remove Ads
Sign In
Join for FREE
Feedback
Dark Mode
Quiz Categories
Sports
Geography
Music
Movies
Television
Just For Fun
Miscellaneous
History
Literature
Language
Science
Gaming
Entertainment
Religion
Holiday
For Kids
Quiz Lab
Recent
Popular Today
Quiz Kudos Today
Editor Picks
Curator Picks
Quizzes by...
Day
Popularity
Type
Ratings
Length
Year
Community
Subscriptions
Recent Discussions
Orange Saloon
Badges
Playlists
Quests
Create
Leaderboards
Showdown
Live 5
Trivia Bingo
Activity
Puzzle Library
Sporcle Events
Private Events
Virtual Trivia
Globe League
Become a Host
Pub Owners
SporcleCon
Opinionation
Our Games
Videos
Blog
Mobile Apps
Partnerships
Remove Ads and Go Orange
Feedback
Music
Pop Music
The Beatles
Song
Album
Lyrics
Bands
Singers
Artist
Clip
Rock
Rap
Classical
Billboard
Country Music
Kpop
Taylor Swift
Music
Pop Music
The Beatles
Song
Album
Lyrics
Bands
Singers
Artist
Clip
Rock
Rap
Classical
Billboard
Country Music
Kpop
Taylor Swift
Random Quiz
Search Sporcle
×
Quiz Lab
Quiz Lab
Music
direction
Type in answers that appear in a list
Type in answers that appear in a list
Classic
Best Score? Go Orange.
One Direction Lyrics III Stats
Can you name the One Direction Lyrics III?
By
erinxo47
8m
235 Questions
1,019 Plays
1,019 Plays
1,019 Plays
Comments
Comments
Give Quiz Kudos
Give Quiz Kudos
-
- Ratings
hide this ad
Replay
Link that replays current quiz
Next Quiz
Link to next quiz in quiz playlist
You Got
0%
They Got
Avg Score
65%
Avg Friend Score
Upgrade to see
Score Distribution
Jump to the score distribution portion of the page
Score
0/235
Timer
08:00
0
Plays Today
% Correct
you
96.8%
you
96.8%
you
96.8%
you
96.8%
you
96.8%
you
96.8%
the
94.3%
a
94.3%
and
94.3%
the
94.3%
and
94.3%
the
94.3%
the
94.3%
a
94.3%
and
94.3%
the
94.3%
and
94.3%
and
94.3%
and
94.3%
and
94.3%
the
94.3%
and
94.3%
and
94.3%
your
87.5%
your
87.5%
your
87.5%
your
87.5%
me
84.7%
me
84.7%
me
84.7%
me
84.7%
me
84.7%
me
84.7%
me
84.7%
me
84.7%
me
84.7%
you're
83%
you're
83%
you're
83%
you're
83%
be
81.2%
be
81.2%
be
81.2%
to
80.9%
to
80.9%
do
79.3%
in
78.5%
in
78.5%
in
78.5%
that
77%
that
77%
that
77%
that
77%
is
75.6%
is
75.6%
is
75.6%
is
75.6%
i
75.5%
i
75.5%
i
75.5%
i
75.5%
i
75.5%
i
75.5%
i
75.5%
i
75.5%
i
75.5%
go
75.3%
so
74.9%
so
74.9%
so
74.9%
so
74.9%
so
74.9%
so
74.9%
so
74.9%
so
74.9%
can
74.6%
no
73.5%
no
73.5%
it
73.5%
% Correct
she
70.5%
one
69.9%
one
69.9%
my
69.8%
what
68.8%
what
68.8%
baby
67.8%
baby
67.8%
baby
67.8%
baby
67.8%
baby
67.8%
baby
67.8%
baby
67.8%
all
67.3%
all
67.3%
all
67.3%
all
67.3%
all
67.3%
i've
67%
i've
67%
i've
67%
yeah
65.7%
yeah
65.7%
yeah
65.7%
yeah
65.7%
yeah
65.7%
yeah
65.7%
but
65.6%
with
65.5%
with
65.5%
with
65.5%
with
65.5%
with
65.5%
with
65.5%
with
65.5%
with
65.5%
with
65.5%
know
64.4%
night
64%
night
64%
night
64%
i'm
63.6%
now
63%
now
63%
now
63%
now
63%
now
63%
look
62.6%
been
62%
been
62%
been
62%
for
61.4%
eyes
61.3%
eyes
61.3%
eyes
61.3%
wanna
61%
wanna
61%
wanna
61%
heart
60.8%
say
59%
little
58.2%
little
58.2%
had
57.9%
way
57.8%
way
57.8%
way
57.8%
how
57.1%
about
56.7%
about
56.7%
tell
56.4%
c'mon
56.3%
c'mon
56.3%
dance
55.9%
dance
55.9%
dance
55.9%
dance
55.9%
dance
55.9%
dance
55.9%
dance
55.9%
% Correct
there's
55.4%
there's
55.4%
there's
55.4%
something
55.2%
something
55.2%
something
55.2%
came
54.3%
yours
54.3%
came
54.3%
yours
54.3%
yours
54.3%
watching
53.9%
watching
53.9%
watching
53.9%
her
53.8%
move
53.6%
move
53.6%
move
53.6%
out
52.8%
out
52.8%
out
52.8%
alone
52.6%
every
52.6%
down
52.3%
amazing
51.9%
closer
51.8%
closer
51.8%
show
51.5%
show
51.5%
let
51.4%
take
51.3%
loud
51.1%
loud
51.1%
loud
51.1%
standing
51%
music
50.7%
music
50.7%
music
50.7%
she's
50.1%
she's
50.1%
she's
50.1%
hair
47.6%
didn't
46.9%
c'mon c'mon
46.6%
c'mon c'mon
46.6%
c'mon c'mon
46.6%
c'mon c'mon
46.6%
c'mon c'mon
46.6%
c'mon c'mon
46.6%
c'mon c'mon
46.6%
c'mon c'mon
46.6%
c'mon c'mon
46.6%
c'mon c'mon
46.6%
c'mon c'mon
46.6%
c'mon c'mon
46.6%
c'mon c'mon
46.6%
c'mon c'mon
46.6%
c'mon c'mon
46.6%
walking
46.4%
walking
46.4%
more
46.4%
more
46.4%
ain't
45.6%
ain't
45.6%
step
39.5%
saying
37.4%
saying
37.4%
saying
37.4%
hand
37%
racing
33.3%
around
33.1%
feeling
32.2%
reach
31.4%
looking
30.2%
turning
29.7%
calling
29.5%
good
29.5%
Quiz Playlist
Details
Report
Send in Message
Add To Playlist
Classic:
Type in answers that appear in a list
Last Updated: Feb 16, 2017
Quiz Scoreboard
CHALLENGE
Sign Up to Join the Scoreboard
Show All
Scores
Hide
Comments
May contain spoilers
Recently Published
Find the 'City' Movie
by crazypaving
Movies
60s
5x2 Blitz: Bands
by SL_Kpop136
Music
30s
Colored Red Africa Blitz
by spor1
Geography
30s
More to Explore
Quiz From the Vault
Featured Blog Post
14 Easter Pick-up Lines to Find Eggs With
hide this ad
You Might Also Like...
Tags
direction
One Direction
Today's Top Quizzes in Music
Browse Music
hide this ad
Today's Top Quizzes in direction
Browse direction
Top Contributed Quizzes in Music
1
5X2 Blitz: Bands II
2
Taylor Swift All Songs (2024)
3
5X2 Blitz: The Beatles
4
5X2 Blitz: Billboard
5
Taylor Swift Logic Puzzle
6
Taylor Swift Logic Puzzle II
7
5X2 Blitz: Album
8
5X2 Blitz: Billboard II
9
Music Artist by Three 2010s hits
10
5X2 Blitz: Rock
Explore More
Trending Topics
Marvel
Harry Potter
Anime
Disney
Crossword
NBA
Kpop
Country
The Office
NFL
Puzzle
Song
WWE
Pokémon
Soccer
hide this ad
More By:
erinxo47
Quiz
Plays
Rating
Category
Featured
Created
Moments One Direction Lyrics
1,399
1.60
Music
Aug 2, 2012
One Direction Lyrics IV
1,243
1.33
Music
Dec 29, 2012
One Direction Lyrics II
1,217
1.17
Music
Dec 23, 2012
One Direction Lyrics III
1,019
1.67
Music
Dec 23, 2012
One Direction Lyrics V
918
1.20
Music
Dec 29, 2012
Go to Creator's Profile
Score Distribution
Quiz Creator Spotlight
erinxo47
Follow
Send a Message
Quizzes Created
-
Created Quiz Play Count
-
More By This Creator
Popular Quizzes Today
1
Find the 'City' Movie
2
5x2 Blitz: Bands
3
Colored Red Africa Blitz
4
Find the US States - No Outlines Minefield
5
The Countries of the World
6
Find the US States
7
9x9 Crossword: Cartoon Network
8
US States
More Music Quizzes
Famous Composers by Last 3 Letters
Curator's Pick
Trending Quizzes
Colored Red Africa Blitz II
Colored Red Europe Blitz I
Colored Red Africa Blitz III
Colored Red Europe Blitz II
Colored Red Europe Blitz III
Recently Updated
Champions League XIs: Real Madrid
pecheneg
Largest US Cities 1790-2010
pecheneg
Rides in Walt Disney World
pecheneg
Most Oscar Losses (Acting)
pecheneg
Beyoncé Albums
pecheneg
Leaping Animals
pecheneg
Reality TV Shows (A-Z)
bhenderson79
Rickey Henderson's Hall of Fame Teammates
pecheneg
Champions League XIs: Arsenal
pecheneg
Quick Pick: Celebrities in WWE's Hall of Fame
aduchscher
Trending Topics
Kpop
Marvel
Anime
NBA
Crossword
Harry Potter
Disney
Puzzle
Pokémon
Song
The Office
NFL
Soccer
Country
WWE
Your Account Isn't Verified!
In order to create a playlist on Sporcle, you need to verify the email address you used during registration. Go to your
Sporcle Settings
to finish the process.
Report this User
Report this user for behavior that violates our
Community Guidelines
.
Details:
Send Report
Go to the Sporcle.com Mobile Site →
Comments